00313nam a22000977a 450000500170000002000180001710000260003524500880006126000480014930000180019720260619154950.0 a9780143477105 aParanjape, Makarand R aHindutva and hindu swaraj:bhistory's forgotten troubles/cby Makarand R.Paranjape a,. - Haryanab: Penguin Random Housec,2025 axvi+176 pages